|
|
|
|
| LEADER |
00697nam a22002052a 4500 |
| 001 |
000661890 |
| 003 |
CZ BrMZK |
| 005 |
20141112134317.0 |
| 007 |
ta |
| 008 |
030317s1956 gw f ||| | und d |
| 040 |
|
|
|a BOA001
|b cze
|c BOA001
|
| 100 |
1 |
|
|a Trogus, Pompeius,
|d činný 1. století př. Kr.
|7 jo2006325089
|4 aut
|
| 245 |
1 |
0 |
|a Pompei Trogi fragmenta /
|c Pompeius Trogus ; collegit Otto Seel
|
| 260 |
|
|
|a Lipsiae :
|b B.G. Teubner,
|c 1956
|
| 300 |
|
|
|a 23, 208 s.
|
| 504 |
|
|
|a Obsahuje bibliografii
|
| 700 |
1 |
|
|a Seel, Otto,
|d 1907-1975
|7 jn19990007406
|4 edt
|
| 910 |
|
|
|a BOA001
|b 2-0368.339
|
| 990 |
|
|
|a BK
|
| 996 |
7 |
|
|b 2619503868
|c 2-0368.339
|l MZK
|r Sklad / do 24 hodin
|n 2
|w 000661890
|u 000010
|a 1
|e BOA001
|j MZK50
|s A
|